Mastering Psychiatry: a core textbook of undergraduates (Record no. 8164)
[ view plain ]
| 000 -LEADER | |
|---|---|
| fixed length control field | 00506nam a22001817a 4500 |
| 003 - CONTROL NUMBER IDENTIFIER | |
| control field | OSt |
| 005 - DATE AND TIME OF LATEST TRANSACTION | |
| control field | 20230929134640.0 |
| 008 - FIXED-LENGTH DATA ELEMENTS--GENERAL INFORMATION | |
| fixed length control field | 230929b |||||||| |||| 00| 0 eng d |
| 020 ## - INTERNATIONAL STANDARD BOOK NUMBER | |
| International Standard Book Number | 9781304603784 |
| 040 ## - CATALOGING SOURCE | |
| Transcribing agency | DDC |
| 082 ## - DEWEY DECIMAL CLASSIFICATION NUMBER | |
| Classification number | WM100 Z63m 2013 |
| 100 ## - MAIN ENTRY--PERSONAL NAME | |
| Personal name | Zhang, Melvyn W.B.; C.M. HO, Roger; Cyrus, S.H. HO |
| 9 (RLIN) | 16668 |
| 245 ## - TITLE STATEMENT | |
| Title | Mastering Psychiatry: a core textbook of undergraduates |
| 260 ## - PUBLICATION, DISTRIBUTION, ETC. (IMPRINT) | |
| Place of publication, distribution, etc. | Singapore, 2013 |
| 300 ## - PHYSICAL DESCRIPTION | |
| Extent | =500p; ill: 28cm |
| 650 ## - SUBJECT ADDED ENTRY--TOPICAL TERM | |
| Topical term or geographic name as entry element | Psychiatry |
| 9 (RLIN) | 351 |
| 942 ## - ADDED ENTRY ELEMENTS (KOHA) | |
| Source of classification or shelving scheme | Dewey Decimal Classification |
| Koha item type | Open Shelf |
| Withdrawn status | Lost status | Source of classification or shelving scheme | Damaged status | Not for loan | Home library | Current library | Date acquired | Source of acquisition | Inventory number | Total Checkouts | Full call number | Barcode | Date last seen | Koha item type |
|---|---|---|---|---|---|---|---|---|---|---|---|---|---|---|
| Other/Generic Classification Scheme | MUST Main Library | MUST Main Library | 29/09/2023 | Purchase | 23/42123 | WM100 Z63m 2013 | 2023-0532 | 29/09/2023 | Open Shelf | |||||
| Other/Generic Classification Scheme | MUST Main Library | MUST Main Library | 29/09/2023 | Purchase | 23/42124 | WM100 Z63m 2013 | 2023-0533 | 29/09/2023 | Open Shelf |
